Table de multiplication 12 x 12 - une minute sprint - Statistiques

Statistiques générales
  • Ce quiz a été pris 1 625 fois
  • Le résultat moyen est 102 sur 144
Statistiques - réponses
Résponse % Correct
1
100%
2
99%
3
99%
4
98%
6
98%
5
97%
7
97%
8
97%
9
97%
10
96%
12
95%
20
91%
11
89%
14
88%
24
88%
30
87%
18
86%
16
85%
22
84%
15
82%
36
81%
40
81%
21
75%
50
75%
60
74%
25
72%
35
72%
27
70%
28
70%
33
70%
45
69%
32
68%
55
67%
44
65%
48
65%
70
54%
42
53%
66
48%
80
47%
54
46%
56
45%
72
45%
90
45%
100
44%
49
43%
77
40%
120
38%
110
35%
63
35%
88
35%
99
34%
84
30%
81
29%
64
28%
121
27%
144
26%
132
25%
96
25%
108
20%
Aucun quiz correspondant
Distribution des résultats
% des personnes avec chaque résultat
Percentile par nombre de réponses
Votre historique - résultats
Vous n’avez pas pris ce quiz